[Event "Mitropa Cup 27th"]
[Site "Olbia"]
[Date "2008.05.27"]
[Round "3.3"]
[White "Bellini, Fabio"]
[Black "Fodor, Tamas Jr"]
[Result "1/2-1/2"]
[WhiteElo "2518"]
[BlackElo "2432"]
[PlyCount "138"]
[EventDate "2008.05.25"]
[EventType "team-tourn"]
[EventRounds "9"]
[EventCountry "ITA"]
[Source "ChessBase"]
[SourceDate "2008.07.03"]
[WhiteTeam "Italy"]
[BlackTeam "Hungary"]
[WhiteTeamCountry "ITA"]
[BlackTeamCountry "HUN"]

1. e4 e5 2. Nf3 Nc6 3. Bb5 Nf6 4. d3 Bc5 5. Bxc6 dxc6 6. Be3 Bd6 7. h3 c5 8.
Nbd2 Be6 9. O-O h6 10. c3 O-O 11. Qc2 Nh5 12. d4 cxd4 13. cxd4 exd4 14. Nxd4
Bd7 15. Nc4 Bf4 16. Rad1 Qe7 17. Rfe1 Rfe8 18. e5 b5 19. Na5 c5 20. Ndc6 Bxc6
21. Nxc6 Qb7 22. Qxc5 Rac8 23. Rc1 Bxe3 24. fxe3 Rc7 25. Qd5 g6 26. Rc3 Ng7 27.
Rec1 Nf5 28. Qf3 Rd7 29. Qf4 Qb6 30. g4 Nh4 31. Qf6 g5 32. Qxh6 Rxe5 33. Qf6
Ng6 34. Qf2 Re4 35. Nd4 Rdxd4 36. exd4 Nf4 37. Re1 Rxe1+ 38. Qxe1 Qxd4+ 39. Qe3
Qd5 40. Qf3 Qd4+ 41. Kf1 b4 42. Rc2 Kg7 43. h4 gxh4 44. Rf2 Qc4+ 45. Kg1 Ng6
46. Qf6+ Kg8 47. Qd8+ Kg7 48. Qf6+ Kg8 49. Qd8+ Kg7 50. Qd7 Ne5 51. Qf5 Ng6 52.
b3 Qc1+ 53. Kg2 Qc7 54. Qf6+ Kg8 55. Rd2 Qg3+ 56. Kf1 Qh3+ 57. Ke1 Qg3+ 58. Kf1
Qh3+ 59. Ke1 Qg3+ 60. Kd1 Qxg4+ 61. Kc1 Qc8+ 62. Kb2 Qb7 63. Qf5 Qc6 64. Rd7
Qc3+ 65. Kb1 Qe1+ 66. Kc2 Qc3+ 67. Kb1 Qe1+ 68. Kc2 Qc3+ 69. Kb1 Qe1+ 1/2-1/2

[Event "Mitropa Cup 27th"]
[Site "Olbia"]
[Date "2008.05.27"]
[Round "3.4"]
[White "Pap, Gyula"]
[Black "Borgo, Giulio"]
[Result "1/2-1/2"]
[WhiteElo "2451"]
[BlackElo "2453"]
[PlyCount "84"]
[EventDate "2008.05.25"]
[EventType "team-tourn"]
[EventRounds "9"]
[EventCountry "ITA"]
[Source "ChessBase"]
[SourceDate "2008.07.03"]
[WhiteTeam "Hungary"]
[BlackTeam "Italy"]
[WhiteTeamCountry "HUN"]
[BlackTeamCountry "ITA"]

1. Nf3 d5 2. d4 Nf6 3. c4 e6 4. g3 dxc4 5. Bg2 a6 6. O-O Nc6 7. e3 Rb8 8. Nfd2
Qd7 9. Nxc4 b5 10. Ncd2 Bb7 11. Nc3 Be7 12. Nb3 Nd8 13. f3 b4 14. Ne4 Nxe4 15.
fxe4 O-O 16. Qc2 f5 17. Bd2 Bxe4 18. Bxe4 fxe4 19. Rxf8+ Bxf8 20. Qxe4 Bd6 21.
Rf1 Nf7 22. Qg4 Rd8 23. e4 e5 24. Qxd7 Rxd7 25. d5 Rd8 26. Na5 Ra8 27. Rc1 Nd8
28. Bg5 Nf7 29. Be3 Rb8 30. Rc6 Ra8 31. Rc4 Rb8 32. Rc6 Ra8 33. Kf2 Nd8 34. Rc4
Rb8 35. Nc6 Nxc6 36. Rxc6 b3 37. a4 a5 38. Ra6 Ba3 39. Bc1 Bc5+ 40. Be3 Ba3 41.
Bc1 Bc5+ 42. Be3 Ba3 1/2-1/2

[Event "Mitropa Cup 27th"]
[Site "Olbia"]
[Date "2008.05.27"]
[Round "3.1"]
[White "Jenni, Florian"]
[Black "Markos, Jan"]
[Result "0-1"]
[WhiteElo "2550"]
[BlackElo "2565"]
[PlyCount "58"]
[EventDate "2008.05.25"]
[EventType "team-tourn"]
[EventRounds "9"]
[EventCountry "ITA"]
[Source "ChessBase"]
[SourceDate "2008.07.03"]
[WhiteTeam "Switzerland"]
[BlackTeam "Slovakia"]
[WhiteTeamCountry "SUI"]
[BlackTeamCountry "SVK"]

1. d4 Nf6 2. Bg5 e6 3. e4 h6 4. Bxf6 Qxf6 5. c3 d6 6. Bd3 c5 7. Nf3 Nc6 8. O-O
cxd4 9. cxd4 Bd7 10. d5 exd5 11. exd5 Ne5 12. Nxe5 dxe5 13. Nc3 Bc5 14. Ne4 Qb6
15. d6 Bd4 16. Qh5 Bc6 17. Bc4 Rf8 18. Qh4 Qd8 19. Qg4 Qd7 20. Qxg7 Bxe4 21.
Rae1 O-O-O 22. Rxe4 Qc6 23. Bxf7 Kb8 24. Rh4 Qxd6 25. Bc4 Qc5 26. b3 Rxf2 27.
Rxf2 Bxf2+ 28. Kf1 Rd1+ 29. Ke2 Re1+ 0-1

[Event "Mitropa Cup 27th"]
[Site "Olbia"]
[Date "2008.05.27"]
[Round "3.2"]
[White "Vavrak, Peter"]
[Black "Gallagher, Joseph G"]
[Result "1-0"]
[WhiteElo "2466"]
[BlackElo "2480"]
[PlyCount "71"]
[EventDate "2008.05.25"]
[EventType "team-tourn"]
[EventRounds "9"]
[EventCountry "ITA"]
[Source "ChessBase"]
[SourceDate "2008.07.03"]
[WhiteTeam "Slovakia"]
[BlackTeam "Switzerland"]
[WhiteTeamCountry "SVK"]
[BlackTeamCountry "SUI"]

1. d4 Nf6 2. c4 g6 3. g3 Bg7 4. Bg2 O-O 5. Nf3 d6 6. O-O Nbd7 7. Nc3 e5 8. e4
a6 9. h3 b5 10. dxe5 dxe5 11. Be3 c6 12. Qc2 Qe7 13. a3 Ne8 14. Nd2 Nc7 15. Nb3
Ne6 16. Na5 Nb8 17. f4 exf4 18. gxf4 g5 19. f5 Nf4 20. h4 Be5 21. Nb3 Nd7 22.
Nd4 Qc5 23. Rad1 bxc4 24. Na4 Qa7 25. hxg5 Nxg2 26. Qxg2 c5 27. Nc6 Qc7 28.
Ne7+ Kh8 29. Rf3 Nb6 30. Nxb6 Qxb6 31. Rh3 Bxf5 32. exf5 Rad8 33. Rxh7+ Kxh7
34. Qh3+ Kg7 35. f6+ Bxf6 36. Qh6# 1-0

[Event "Mitropa Cup 27th"]
[Site "Olbia"]
[Date "2008.05.27"]
[Round "3.3"]
[White "Huss, Andreas"]
[Black "Macak, Stefan"]
[Result "0-1"]
[WhiteElo "2380"]
[BlackElo "2342"]
[PlyCount "76"]
[EventDate "2008.05.25"]
[EventType "team-tourn"]
[EventRounds "9"]
[EventCountry "ITA"]
[Source "ChessBase"]
[SourceDate "2008.07.03"]
[WhiteTeam "Switzerland"]
[BlackTeam "Slovakia"]
[WhiteTeamCountry "SUI"]
[BlackTeamCountry "SVK"]

1. d4 Nf6 2. Nf3 g6 3. c4 Bg7 4. Nc3 O-O 5. e4 d6 6. Be2 e5 7. d5 Nbd7 8. Bg5
h6 9. Bh4 a5 10. Nd2 Nc5 11. O-O Bd7 12. b3 c6 13. a3 Qb6 14. Rb1 cxd5 15. cxd5
Rfc8 16. Nc4 Qc7 17. Bxf6 Bxf6 18. Bg4 Bxg4 19. Qxg4 h5 20. Qh3 Be7 21. Rfc1 a4
22. bxa4 Nxa4 23. Ne2 Bg5 24. f4 Bxf4 25. Nxf4 exf4 26. Nxd6 Qxc1+ 27. Rxc1
Rxc1+ 28. Kf2 Nc5 29. e5 Rd1 30. Qf3 Nd3+ 31. Ke2 Re1+ 32. Kd2 Re3 33. Qf1 Ra4
34. e6 fxe6 35. dxe6 Rd4 36. Nb5 Rd8 37. Nc7 Nb4+ 38. Kc1 Re1+ 0-1

[Event "Mitropa Cup 27th"]
[Site "Olbia"]
[Date "2008.05.27"]
[Round "3.4"]
[White "Smolen, Jan"]
[Black "Raeber, Markus"]
[Result "0-1"]
[WhiteElo "2445"]
[BlackElo "2247"]
[PlyCount "70"]
[EventDate "2008.05.25"]
[EventType "team-tourn"]
[EventRounds "9"]
[EventCountry "ITA"]
[Source "ChessBase"]
[SourceDate "2008.07.03"]
[WhiteTeam "Slovakia"]
[BlackTeam "Switzerland"]
[WhiteTeamCountry "SVK"]
[BlackTeamCountry "SUI"]

1. e4 c5 2. Nf3 d6 3. g3 Nc6 4. Bg2 g6 5. O-O Bg7 6. d3 Nf6 7. c3 O-O 8. Re1
Rb8 9. d4 cxd4 10. cxd4 Bg4 11. Nc3 Qb6 12. e5 dxe5 13. dxe5 Nd7 14. e6 fxe6
15. Qxd7 Rbd8 16. Nd5 Qa5 17. Nxe7+ Nxe7 18. Qxe7 Bf6 19. Qxb7 Bxf3 20. Bd2
Rxd2 21. Bxf3 Bd4 22. Rf1 Qf5 23. Kg2 Rxb2 24. Qc6 Rc2 25. g4 Qf6 26. Qxc2
Qxf3+ 27. Kg1 Qxg4+ 28. Kh1 Qf3+ 29. Kg1 Rf5 30. Qc8+ Kg7 31. Qc7+ Kh6 32. h4
Rf4 33. Qc1 Qg4+ 34. Kh2 Qxh4+ 35. Kg2 Qg5+ 0-1

[Event "Mitropa Cup 27th"]
[Site "Olbia"]
[Date "2008.05.28"]
[Round "4.1"]
[White "Neubauer, Martin"]
[Black "Saric, Ante"]
[Result "1/2-1/2"]
[WhiteElo "2446"]
[BlackElo "2505"]
[PlyCount "29"]
[EventDate "2008.05.25"]
[EventType "team-tourn"]
[EventRounds "9"]
[EventCountry "ITA"]
[Source "ChessBase"]
[SourceDate "2008.07.03"]
[WhiteTeam "Austria"]
[BlackTeam "Croatia"]
[WhiteTeamCountry "AUT"]
[BlackTeamCountry "CRO"]

1. d4 Nf6 2. Nf3 e6 3. c4 b6 4. g3 Ba6 5. Qc2 c5 6. d5 exd5 7. cxd5 g6 8. Bg2
Bg7 9. O-O O-O 10. Nc3 d6 11. Re1 Ne8 12. e4 Nd7 13. Bg5 f6 14. Be3 Nc7 15.
Rad1 1/2-1/2

[Event "Mitropa Cup 27th"]
[Site "Olbia"]
[Date "2008.05.28"]
[Round "4.2"]
[White "Bosiocic, Marin"]
[Black "Baumegger, Siegfried"]
[Result "1-0"]
[WhiteElo "2503"]
[BlackElo "2440"]
[PlyCount "93"]
[EventDate "2008.05.25"]
[EventType "team-tourn"]
[EventRounds "9"]
[EventCountry "ITA"]
[Source "ChessBase"]
[SourceDate "2008.07.03"]
[WhiteTeam "Croatia"]
[BlackTeam "Austria"]
[WhiteTeamCountry "CRO"]
[BlackTeamCountry "AUT"]

1. e4 c5 2. Nf3 e6 3. d3 Nc6 4. g3 g6 5. Bg5 Qc7 6. Bg2 Bg7 7. c3 Nge7 8. Qc1
h6 9. Be3 b6 10. O-O Ba6 11. Rd1 d5 12. a4 Rd8 13. Na3 dxe4 14. dxe4 Rxd1+ 15.
Qxd1 O-O 16. Nb5 Qb8 17. Bf4 e5 18. Be3 Rd8 19. Nd2 Bb7 20. Bf1 Kh8 21. f3 f5
22. Qc2 f4 23. Bf2 Bc8 24. Rd1 a6 25. Na3 fxg3 26. hxg3 Rf8 27. Kg2 g5 28. Be2
g4 29. fxg4 Qd6 30. Ndc4 Qg6 31. Ne3 Bb7 32. Bf3 Ng8 33. Rh1 Nf6 34. Rh4 Nd8
35. Nf5 Ne6 36. Be3 Ng5 37. Bxg5 Qxg5 38. Nc4 Rd8 39. Nce3 Rd7 40. c4 Bf8 41.
Nd5 Bxd5 42. cxd5 Kg8 43. Be2 c4 44. Qxc4 Qd2 45. d6+ Kh8 46. g5 Qxg5 47. Qc8
1-0

[Event "Mitropa Cup 27th"]
[Site "Olbia"]
[Date "2008.05.28"]
[Round "4.3"]
[White "Kreisl, Robert"]
[Black "Saric, Ivan"]
[Result "0-1"]
[WhiteElo "2322"]
[BlackElo "2500"]
[PlyCount "118"]
[EventDate "2008.05.25"]
[EventType "team-tourn"]
[EventRounds "9"]
[EventCountry "ITA"]
[Source "ChessBase"]
[SourceDate "2008.07.03"]
[WhiteTeam "Austria"]
[BlackTeam "Croatia"]
[WhiteTeamCountry "AUT"]
[BlackTeamCountry "CRO"]

1. e4 e5 2. Nf3 Nc6 3. Bb5 a6 4. Bxc6 dxc6 5. O-O Bg4 6. h3 h5 7. c3 Qf6 8. d4
Bxf3 9. Qxf3 Qxf3 10. gxf3 Bd6 11. Nd2 c5 12. dxe5 Bxe5 13. Nc4 Bf6 14. Rd1 Ne7
15. Bf4 Rc8 16. a4 b6 17. a5 b5 18. Nb6 cxb6 19. axb6 Nc6 20. b7 Rb8 21. Bxb8
Nxb8 22. Rd5 Be7 23. f4 Rh6 24. Rad1 h4 25. Kg2 Rb6 26. Rh5 Rxb7 27. Rh8+ Bf8
28. Rxh4 a5 29. Ra1 Nc6 30. Rh8 c4 31. Rd1 f6 32. e5 fxe5 33. fxe5 Nxe5 34. Re1
Re7 35. Rh5 Nd3 36. Rxe7+ Bxe7 37. Rxb5 a4 38. Kf3 Kd7 39. Ke4 Kc6 40. Rb8 Bd6
41. Rg8 Nxb2 42. Rxg7 Nd3 43. Rg8 Be5 44. Rc8+ Kb5 45. Kd5 a3 46. Ra8 Bxc3 47.
Rxa3 Bb2 48. Ra8 Nb4+ 49. Ke4 c3 50. Rb8+ Kc4 51. Rc8+ Kb3 52. h4 c2 53. Rxc2
Nxc2 54. Kf5 Kc4 55. h5 Kd5 56. h6 Kd6 57. Kg6 Ke7 58. f4 Ne3 59. f5 Nd5 0-1

[Event "Mitropa Cup 27th"]
[Site "Olbia"]
[Date "2008.05.28"]
[Round "4.4"]
[White "Doric, Darko"]
[Black "Schachinger, Mario"]
[Result "1-0"]
[WhiteElo "2448"]
[BlackElo "2308"]
[PlyCount "51"]
[EventDate "2008.05.25"]
[EventType "team-tourn"]
[EventRounds "9"]
[EventCountry "ITA"]
[Source "ChessBase"]
[SourceDate "2008.07.03"]
[WhiteTeam "Croatia"]
[BlackTeam "Austria"]
[WhiteTeamCountry "CRO"]
[BlackTeamCountry "AUT"]

1. d4 d5 2. c4 c6 3. Nc3 Nf6 4. Nf3 e6 5. cxd5 exd5 6. Bg5 Be7 7. Qc2 O-O 8. e3
Nbd7 9. Bd3 Re8 10. h3 Nf8 11. Bf4 Ng6 12. Bh2 Be6 13. O-O Bf8 14. Ne5 Qc8 15.
f4 Ne4 16. Nxe4 dxe4 17. Bxe4 f5 18. Bf3 Ne7 19. g4 Nd5 20. Qe2 Qd8 21. gxf5
Bxf5 22. e4 Nxf4 23. Bxf4 Qxd4+ 24. Kg2 Bd6 25. Rad1 Qc5 26. Rxd6 1-0

[Event "Mitropa Cup 27th"]
[Site "Olbia"]
[Date "2008.05.28"]
[Round "4.1"]
[White "Markos, Jan"]
[Black "Haba, Petr"]
[Result "1/2-1/2"]
[WhiteElo "2565"]
[BlackElo "2544"]
[PlyCount "99"]
[EventDate "2008.05.25"]
[EventType "team-tourn"]
[EventRounds "9"]
[EventCountry "ITA"]
[Source "ChessBase"]
[SourceDate "2008.07.03"]
[WhiteTeam "Slovakia"]
[BlackTeam "Czech Republic"]
[WhiteTeamCountry "SVK"]
[BlackTeamCountry "CZE"]

1. d4 d5 2. c4 e6 3. Nf3 c6 4. e3 Nf6 5. Bd3 dxc4 6. Bxc4 b5 7. Bd3 a6 8. O-O
Bb7 9. e4 c5 10. e5 Nd5 11. Bg5 Be7 12. Bxe7 Qxe7 13. Nbd2 cxd4 14. Ne4 O-O 15.
Rc1 Nf4 16. Qd2 Ng6 17. Rfe1 Rd8 18. h4 h6 19. h5 Nf8 20. Qf4 Nc6 21. a3 Na5
22. Nf6+ Kh8 23. Nh2 Nc4 24. Bxc4 bxc4 25. Rxc4 d3 26. Nhg4 Nh7 27. Nxh6 gxf6
28. exf6 Qxf6 29. Nxf7+ Kg8 30. Qg3+ Kxf7 31. Rf4 Qxf4 32. Qxf4+ Nf6 33. g4 Rd5
34. Kf1 Rg8 35. f3 e5 36. Rxe5 Rxe5 37. Qxe5 Bxf3 38. Qc7+ Ke6 39. Qc4+ Ke5 40.
Qc3+ Ke6 41. Qxd3 Nxg4 42. h6 Nh2+ 43. Kf2 Ng4+ 44. Ke1 Ne5 45. Qb3+ Bd5 46.
Qh3+ Kf6 47. h7 Rh8 48. Qh4+ Kf5 49. Qh5+ Kf6 50. Qh4+ 1/2-1/2

[Event "Mitropa Cup 27th"]
[Site "Olbia"]
[Date "2008.05.28"]
[Round "4.2"]
[White "Simacek, Pavel"]
[Black "Vavrak, Peter"]
[Result "1/2-1/2"]
[WhiteElo "2461"]
[BlackElo "2466"]
[PlyCount "101"]
[EventDate "2008.05.25"]
[EventType "team-tourn"]
[EventRounds "9"]
[EventCountry "ITA"]
[Source "ChessBase"]
[SourceDate "2008.07.03"]
[WhiteTeam "Czech Republic"]
[BlackTeam "Slovakia"]
[WhiteTeamCountry "CZE"]
[BlackTeamCountry "SVK"]

1. e4 e6 2. d4 d5 3. Nd2 Be7 4. Ngf3 Nf6 5. e5 Nfd7 6. Bd3 c5 7. c3 Nc6 8. O-O
g5 9. dxc5 g4 10. Nd4 Ndxe5 11. Bb5 Bxc5 12. Re1 Bd7 13. Bxc6 Nxc6 14. Qxg4 Qf6
15. N2f3 h5 16. Qg5 Be7 17. Qxf6 Bxf6 18. Bg5 Nxd4 19. cxd4 Bxg5 20. Nxg5 Rc8
21. Rac1 Ke7 22. f4 Rxc1 23. Rxc1 f6 24. Nf3 Kd6 25. Kf2 Bb5 26. Rc3 Rg8 27.
Ne1 Rg4 28. Rf3 e5 29. h3 Rg6 30. fxe5+ fxe5 31. dxe5+ Kxe5 32. Rf7 Ba6 33. Rc7
Kd6 34. Rc2 Rf6+ 35. Nf3 Bd3 36. Rc8 Be4 37. Rh8 Rf5 38. Ke3 Bxf3 39. gxf3 a5
40. f4 Kc5 41. h4 a4 42. Rc8+ Kd6 43. Rd8+ Ke7 44. Rg8 d4+ 45. Ke4 Rb5 46. Rg2
Kf6 47. Kxd4 Rb4+ 48. Ke3 Kf5 49. Rg5+ Kf6 50. Rg2 Kf5 51. Rg5+ 1/2-1/2

[Event "Mitropa Cup 27th"]
[Site "Olbia"]
[Date "2008.05.28"]
[Round "4.3"]
[White "Macak, Stefan"]
[Black "Zilka, Stepan"]
[Result "0-1"]
[WhiteElo "2342"]
[BlackElo "2472"]
[PlyCount "80"]
[EventDate "2008.05.25"]
[EventType "team-tourn"]
[EventRounds "9"]
[EventCountry "ITA"]
[Source "ChessBase"]
[SourceDate "2008.07.03"]
[WhiteTeam "Slovakia"]
[BlackTeam "Czech Republic"]
[WhiteTeamCountry "SVK"]
[BlackTeamCountry "CZE"]

1. e4 d5 2. exd5 Nf6 3. Bb5+ Bd7 4. Be2 Nxd5 5. d4 Bf5 6. Nf3 e6 7. O-O Be7 8.
a3 O-O 9. c4 Nb6 10. Nc3 Nc6 11. Be3 Bf6 12. b3 Qe7 13. c5 Nd5 14. Nxd5 exd5
15. b4 a6 16. Qd2 Rfe8 17. Rfe1 Qd7 18. Qc3 Re4 19. Bd3 Re7 20. Nd2 Bxd3 21.
Qxd3 Rae8 22. Nb3 Re4 23. f3 R4e6 24. Bf2 Nd8 25. a4 Rxe1+ 26. Bxe1 Ne6 27. Bg3
h5 28. Qf5 Nxc5 29. Qxd7 Nxd7 30. Bxc7 Re3 31. Rb1 Rc3 32. Bg3 Nb6 33. a5 Nc4
34. Bf2 Na3 35. Rb2 Rc4 36. Be1 Nc2 37. Bf2 Nxd4 38. Nxd4 Rxd4 39. Re2 Rd3 40.
Rc2 Bc3 0-1

[Event "Mitropa Cup 27th"]
[Site "Olbia"]
[Date "2008.05.28"]
[Round "4.4"]
[White "Plat, Vojtech"]
[Black "Smolen, Jan"]
[Result "1-0"]
[WhiteElo "2332"]
[BlackElo "2445"]
[PlyCount "87"]
[EventDate "2008.05.25"]
[EventType "team-tourn"]
[EventRounds "9"]
[EventCountry "ITA"]
[Source "ChessBase"]
[SourceDate "2008.07.03"]
[WhiteTeam "Czech Republic"]
[BlackTeam "Slovakia"]
[WhiteTeamCountry "CZE"]
[BlackTeamCountry "SVK"]

1. Nf3 d5 2. d4 c6 3. c3 Nf6 4. Bg5 Bf5 5. Nbd2 Nbd7 6. e3 e6 7. Nh4 h6 8. Bxf6
Qxf6 9. Nxf5 Qxf5 10. Nf3 e5 11. dxe5 Nxe5 12. Nd4 Qg6 13. Qb3 Rb8 14. O-O-O
Bd6 15. h3 O-O 16. g4 b5 17. Qc2 Bc7 18. Qxg6 fxg6 19. Ne6 Bb6 20. Nxf8 Rxf8
21. Rd2 Rxf2 22. Rxf2 Bxe3+ 23. Rd2 Nf3 24. Bd3 Bxd2+ 25. Kc2 Bg5 26. Bxg6 Ne5
27. Bd3 Kf7 28. a4 a6 29. Bf5 Be7 30. Bc8 bxa4 31. Ra1 a3 32. bxa3 a5 33. a4 c5
34. Bb7 d4 35. cxd4 cxd4 36. Bd5+ Kg6 37. Rf1 Bf6 38. Rf5 Kh7 39. Be4 Kg8 40.
h4 Nxg4 41. Rxa5 g5 42. hxg5 hxg5 43. Rb5 Nf2 44. Bd3 1-0

[Event "Mitropa Cup 27th"]
[Site "Olbia"]
[Date "2008.05.28"]
[Round "4.1"]
[White "Le Roux, Jean Pierre"]
[Black "Jenni, Florian"]
[Result "1-0"]
[WhiteElo "2482"]
[BlackElo "2550"]
[PlyCount "79"]
[EventDate "2008.05.25"]
[EventType "team-tourn"]
[EventRounds "9"]
[EventCountry "ITA"]
[Source "ChessBase"]
[SourceDate "2008.07.03"]
[WhiteTeam "France"]
[BlackTeam "Switzerland"]
[WhiteTeamCountry "FRA"]
[BlackTeamCountry "SUI"]

1. d4 Nf6 2. Nf3 g6 3. c4 Bg7 4. g3 d6 5. Bg2 O-O 6. O-O Nbd7 7. Nc3 e5 8. h3
exd4 9. Nxd4 a6 10. Nb3 Rb8 11. Bf4 Nh5 12. Be3 Re8 13. Qc1 Nhf6 14. Rd1 Qe7
15. Ba7 Ra8 16. Bd4 c5 17. Be3 Ne5 18. Bg5 Be6 19. Na5 Nxc4 20. Nxb7 Rab8 21.
Nd5 Bxd5 22. Bxd5 Nxb2 23. Rd2 Rxb7 24. Bxb7 Qxb7 25. Rxb2 Qd7 26. Rab1 Ne4 27.
Rb7 Qf5 28. Bf4 Nc3 29. Re7 Qc8 30. Rxe8+ Qxe8 31. Qe3 Qc8 32. Rc1 Bd4 33. Qd3
Nxa2 34. Qxd4 Nxc1 35. Qc4 Nxe2+ 36. Qxe2 Qxh3 37. Qe8+ Kg7 38. Bxd6 Qe6 39.
Bf8+ Kg8 40. Be7+ 1-0

[Event "Mitropa Cup 27th"]
[Site "Olbia"]
[Date "2008.06.30"]
[Round "4.2"]
[White "Gallagher, Joseph G"]
[Black "Benitah, Yohan"]
[Result "1/2-1/2"]
[WhiteElo "2480"]
[BlackElo "2425"]
[PlyCount "55"]
[EventDate "2008.05.25"]
[EventType "team-tourn"]
[EventRounds "9"]
[EventCountry "ITA"]
[Source "ChessBase"]
[SourceDate "2008.07.03"]
[WhiteTeam "Switzerland"]
[BlackTeam "France"]
[WhiteTeamCountry "SUI"]
[BlackTeamCountry "FRA"]

1. e4 c5 2. Nf3 d6 3. d4 cxd4 4. Nxd4 Nf6 5. Nc3 a6 6. Be2 e5 7. Nb3 Be7 8. Bg5
Nc6 9. Qd3 Be6 10. Bxf6 Bxf6 11. O-O-O Be7 12. Kb1 O-O 13. Nd5 Bxd5 14. Qxd5
Qc8 15. c3 Qe6 16. Bc4 Qg6 17. g3 Kh8 18. Bd3 Qg4 19. Nd2 Rac8 20. h3 Qe6 21.
Bc4 Nd8 22. Qd3 Qg6 23. Bd5 b5 24. h4 Ne6 25. Qe3 Nc5 26. Rhf1 a5 27. f4 exf4
28. Qxf4 1/2-1/2

[Event "Mitropa Cup 27th"]
[Site "Olbia"]
[Date "2008.05.28"]
[Round "4.3"]
[White "Vitoux, Colomban"]
[Black "Hindermann, Felix"]
[Result "1-0"]
[WhiteElo "2445"]
[BlackElo "2298"]
[PlyCount "65"]
[EventDate "2008.05.25"]
[EventType "team-tourn"]
[EventRounds "9"]
[EventCountry "ITA"]
[Source "ChessBase"]
[SourceDate "2008.07.03"]
[WhiteTeam "France"]
[BlackTeam "Switzerland"]
[WhiteTeamCountry "FRA"]
[BlackTeamCountry "SUI"]

1. e4 e6 2. d4 d5 3. Nc3 Nc6 4. Nf3 Nf6 5. e5 Ne4 6. Bd3 Bb4 7. O-O Nxc3 8.
bxc3 Bxc3 9. Rb1 h6 10. Be3 Ne7 11. Rb3 Ba5 12. Ne1 Bb6 13. Qg4 g6 14. Qf4 Nf5
15. Nf3 Bd7 16. h4 a6 17. Bc1 Ba4 18. Rb1 Bb5 19. Ba3 Bxd3 20. cxd3 Rg8 21.
Rfc1 g5 22. hxg5 hxg5 23. Qg4 Nh6 24. Qh5 Nf5 25. g4 Nh4 26. Nxh4 gxh4 27. Bc5
Bxc5 28. Rxc5 b6 29. Rc6 Qe7 30. Rbc1 Rc8 31. f4 Kd7 32. g5 Qa3 33. Qxf7+ 1-0

[Event "Mitropa Cup 27th"]
[Site "Olbia"]
[Date "2008.05.28"]
[Round "4.4"]
[White "Raeber, Markus"]
[Black "Monroy, Charles"]
[Result "1-0"]
[WhiteElo "2247"]
[BlackElo "2399"]
[PlyCount "77"]
[EventDate "2008.05.25"]
[EventType "team-tourn"]
[EventRounds "9"]
[EventCountry "ITA"]
[Source "ChessBase"]
[SourceDate "2008.07.03"]
[WhiteTeam "Switzerland"]
[BlackTeam "France"]
[WhiteTeamCountry "SUI"]
[BlackTeamCountry "FRA"]

1. d4 d6 2. g3 Nd7 3. Bg2 e5 4. Nf3 Ngf6 5. O-O g6 6. c4 Bg7 7. Nc3 O-O 8. b3
Re8 9. e4 exd4 10. Nxd4 Nc5 11. f3 a5 12. Be3 c6 13. Qd2 Qe7 14. Rfe1 Nfd7 15.
Rad1 Ne5 16. Nde2 Bf8 17. Nf4 Be6 18. h3 Rad8 19. Kh2 Bc8 20. Nfd5 cxd5 21.
Nxd5 Qe6 22. f4 Nf3+ 23. Bxf3 Qxh3+ 24. Kg1 Qxg3+ 25. Qg2 Qxg2+ 26. Kxg2 Bg7
27. e5 Bf5 28. Ne7+ Rxe7 29. Bxc5 Red7 30. Bb6 Re8 31. exd6 Rxe1 32. Rxe1 Bf8
33. c5 Bxd6 34. cxd6 Rxd6 35. Bxa5 Ra6 36. Re8+ Kg7 37. Bc3+ Kh6 38. Kg3 Rxa2
39. Rg8 1-0

[Event "Mitropa Cup 27th"]
[Site "Olbia"]
[Date "2008.05.28"]
[Round "4.1"]
[White "Erdos, Viktor"]
[Black "Baramidze, David"]
[Result "1-0"]
[WhiteElo "2576"]
[BlackElo "2583"]
[PlyCount "69"]
[EventDate "2008.05.25"]
[EventType "team-tourn"]
[EventRounds "9"]
[EventCountry "ITA"]
[Source "ChessBase"]
[SourceDate "2008.07.03"]
[WhiteTeam "Hungary"]
[BlackTeam "Germany"]
[WhiteTeamCountry "HUN"]
[BlackTeamCountry "GER"]

1. d4 d5 2. c4 c6 3. Nf3 Nf6 4. Nc3 e6 5. Bg5 h6 6. Bh4 dxc4 7. e4 g5 8. Bg3 b5
9. Be2 Bb7 10. Ne5 h5 11. h4 g4 12. f3 Nbd7 13. fxg4 hxg4 14. O-O Nxe5 15. Bxe5
Rh6 16. Bf4 b4 17. Bg5 bxc3 18. bxc3 Rg6 19. Rxf6 Rxf6 20. e5 Be7 21. exf6 Bxf6
22. Rb1 Bxg5 23. hxg5 Qe7 24. Bxc4 O-O-O 25. Qxg4 Rg8 26. Rf1 Kb8 27. Qf4+ Ka8
28. Qf6 Qxf6 29. Rxf6 Rxg5 30. Rxf7 Kb8 31. Bxe6 c5 32. Rf8+ Kc7 33. Rg8 Rh5
34. Rg7+ Kb6 35. Bg4 1-0

[Event "Mitropa Cup 27th"]
[Site "Olbia"]
[Date "2008.05.28"]
[Round "4.3"]
[White "Fodor, Tamas Jr"]
[Black "Naumann, Alexander"]
[Result "1/2-1/2"]
[WhiteElo "2432"]
[BlackElo "2523"]
[PlyCount "47"]
[EventDate "2008.05.25"]
[EventType "team-tourn"]
[EventRounds "9"]
[EventCountry "ITA"]
[Source "ChessBase"]
[SourceDate "2008.07.03"]
[WhiteTeam "Hungary"]
[BlackTeam "Germany"]
[WhiteTeamCountry "HUN"]
[BlackTeamCountry "GER"]

1. d4 d5 2. c4 e6 3. Nc3 c6 4. e4 dxe4 5. Nxe4 Bb4+ 6. Bd2 Qxd4 7. Bxb4 Qxe4+
8. Be2 Na6 9. Bd6 Qxg2 10. Qd2 Nf6 11. Bf3 Qg6 12. Qd4 e5 13. Qxe5+ Be6 14. Ne2
Qf5 15. Qe3 Qa5+ 16. Nc3 Nb4 17. O-O-O Nxa2+ 18. Nxa2 Qxa2 19. Ba3 Qxc4+ 20.
Kb1 Qa2+ 21. Kc1 Qc4+ 22. Kb1 Qa2+ 23. Kc1 Qc4+ 24. Kb1 1/2-1/2

[Event "Mitropa Cup 27th"]
[Site "Olbia"]
[Date "2008.05.28"]
[Round "4.4"]
[White "Huschenbeth, Niclas"]
[Black "Pap, Gyula"]
[Result "0-1"]
[WhiteElo "2453"]
[BlackElo "2451"]
[PlyCount "74"]
[EventDate "2008.05.25"]
[EventType "team-tourn"]
[EventRounds "9"]
[EventCountry "ITA"]
[Source "ChessBase"]
[SourceDate "2008.07.03"]
[WhiteTeam "Germany"]
[BlackTeam "Hungary"]
[WhiteTeamCountry "GER"]
[BlackTeamCountry "HUN"]

1. e4 e6 2. d4 d5 3. Nc3 Nf6 4. e5 Nfd7 5. f4 c5 6. Nf3 Nc6 7. Be3 cxd4 8. Nxd4
Bc5 9. Qd2 O-O 10. O-O-O a6 11. Qf2 Qe7 12. Kb1 Nxd4 13. Bxd4 b5 14. Bd3 b4 15.
Na4 Bxd4 16. Qxd4 Rb8 17. h4 Bb7 18. b3 Bc6 19. Nb2 a5 20. Rde1 Nc5 21. f5 exf5
22. Bxf5 a4 23. bxa4 Bxa4 24. Nd3 Ne6 25. Bxe6 fxe6 26. Nc1 Rfc8 27. Nb3 Rc4
28. Qf2 Rbc8 29. Re2 Qc7 30. Rc1 Rc3 31. Qf4 d4 32. Rf2 d3 33. Rcf1 dxc2+ 34.
Kc1 h6 35. Qxb4 Qxe5 36. Rf8+ Kh7 37. R8f2 Rd3 0-1

[Event "Mitropa Cup 27th"]
[Site "Olbia"]
[Date "2008.05.28"]
[Round "4.1"]
[White "Caruana, Fabiano"]
[Black "Lenic, Luka"]
[Result "1-0"]
[WhiteElo "2620"]
[BlackElo "2584"]
[PlyCount "43"]
[EventDate "2008.05.25"]
[EventType "team-tourn"]
[EventRounds "9"]
[EventCountry "ITA"]
[Source "ChessBase"]
[SourceDate "2008.07.03"]
[WhiteTeam "Italy"]
[BlackTeam "Slovenia"]
[WhiteTeamCountry "ITA"]
[BlackTeamCountry "SVK"]

1. e4 e5 2. Nf3 Nc6 3. Bb5 a6 4. Ba4 Nf6 5. O-O b5 6. Bb3 Bc5 7. c3 d6 8. d4
Bb6 9. a4 Rb8 10. Qd3 O-O 11. Bg5 exd4 12. cxd4 h6 13. Bh4 g5 14. Bg3 g4 15. e5
Nh5 16. Bc2 f5 17. exf6 Nxf6 18. Qg6+ Kh8 19. Qxh6+ Kg8 20. Qg6+ Kh8 21. Bh4
Qe7 22. Re1 1-0